Atlas of the British Empire

Na minha lista:
Detalhes bibliográficos
Formato: Livro
Idioma:Undetermined
Publicado em: London Toucan Books 1989
Assuntos:
Tags: Adicionar Tag
Sem tags, seja o primeiro a adicionar uma tag!
Thư viện lưu trữ: Trung tâm Học liệu Trường Đại học Cần Thơ
LEADER 00401nam a2200157Ia 4500
001 CTU_29282
008 210402s9999 xx 000 0 und d
082 |a 941 
082 |b B359 
245 0 |a Atlas of the British Empire 
260 |a London 
260 |b Toucan Books 
260 |c 1989 
650 |a great britain 
904 |i Minh, 990317 
980 |a Trung tâm Học liệu Trường Đại học Cần Thơ